Indian economy: (Record no. 198590)

MARC details
000 -LEADER
fixed length control field 00457nam a22001457a 4500
005 - DATE AND TIME OF LATEST TRANSACTION
control field 20230927120243.0
020 ## - INTERNATIONAL STANDARD BOOK NUMBER
Terms of availability 500.00
082 ## - DEWEY DECIMAL CLASSIFICATION NUMBER
Classification number 330
Edition number Sixth
100 ## - MAIN ENTRY--PERSONAL NAME
Personal name Vivek, Singh
245 ## - TITLE STATEMENT
Title Indian economy:
Remainder of title General Studies- Civil Services Examination/
Statement of responsibility, etc By Vivek Singh
250 ## - EDITION STATEMENT
Edition statement Sixth
300 ## - PHYSICAL DESCRIPTION
Extent vp.
Dimensions 26cm(pbk)
Other physical details According to the Sllyabus
942 ## - ADDED ENTRY ELEMENTS (KOHA)
Source of classification or shelving scheme Dewey Decimal Classification
Item type English Books
Classification part 330
Call number suffix IND
Holdings
Withdrawn status Lost status Not for loan Collection code Home library Current library Date acquired Source of acquisition Cost, normal purchase price Full call number Barcode Copy number Cost, replacement price Koha item type
      Non-fiction Mobile Library Mobile Library 27/09/2023 GIFT 500.00 330 IND B-755860 1 500.00 English Books

© Delhi Public Library
Hit Counter
free hit counter